Danmarks 20 største øer - Statistics

General Stats
  • This quiz has been taken 1.138 times
  • The average score is 13 of 20
Answer Stats
Hint Answer % Correct
2989 km² Fyn
97%
7049 km² Sjælland
97%
589 km² Bornholm
94%
284 km² Langeland
88%
1245 km² Lolland
87%
112 km² Samsø
87%
514 km² Falster
83%
113 km² Læsø
78%
88 km² Ærø
74%
60 km² Fanø
71%
22 km² Anholt
66%
360 km² Mors
62%
87 km² Rømø
61%
218 km² Møn
59%
311 km² Als
57%
96 km² Amager
57%
4674 km² Nørrejyske Ø
44%
70 km² Tåsinge
37%
22 km² Fur
26%
17 km² Fejø
20%
No matching quizzes found
Score Distribution
Percent of People with Each Score
Percentile by Number Answered
Your Score History
You have not taken this quiz